000
00294nam a2200109Ia 4500
008
200302s9999 xx 000 0 und d
100
_a
Jacob Fruchtbaum
245
_a
Bulk Materials Handling Handbook
260
_b
C BC Publishers and Distributors Pvt., Ltd.,
260
_c
1988
300
_a
488 P.,
999
_c
3840
_d
3840